[Event "Bastiais Master 2nd"]
[Site "Bastia"]
[Date "2005.11.11"]
[Round "3"]
[White "Luciani, Thibault"]
[Black "Casta, Jean Philippe"]
[Result "0-1"]
[WhiteElo "1760"]
[BlackElo "1770"]
[PlyCount "82"]
[EventDate "2005.10.07"]
[EventType "swiss"]
[EventRounds "7"]
[EventCountry "FRA"]
[SourceTitle "EXT 2007"]
[Source "ChessBase"]
[SourceDate "2006.11.23"]
[SourceVersion "1"]
[SourceVersionDate "2006.11.23"]
[SourceQuality "1"]

1. e4 e5 2. Nf3 Nc6 3. d4 exd4 4. Bc4 Nf6 5. 0-0 Bc5 6. e5 Ng4 7. Re1 d3 8. Be3 dxc2 9. Qxc2 Bxe3 10. fxe3 Ngxe5 11. Nxe5 Nxe5 12. Rf1 Nxc4 13. Qxc4 0-0 14. Rf3 d5 15. Qd4 c6 16. Nc3 g6 17. Ne2 Qb6 18. Qc3 Bg4 19. Rf2 Bxe2 20. Rxe2 Rfe8 21. Rae1 Rad8 22. Qf6 d4 23. exd4 Rxe2 24. Rxe2 Qxd4+ 25. Qxd4 Rxd4 26. h3 Kf8 27. Re3 Rd1+ 28. Kh2 Rd2 29. Rb3 b6 30. Kg3 Ke7 31. Kf3 Kd6 32. g4 c5 33. a4 Rd4 34. Ra3 Rb4 35. Ra2 Ke5 36. a5 b5 37. h4 Ra4 38. Rxa4 bxa4 39. Ke3 c4 40. Kd2 Kd4 41. Kc2 f5 0-1

[Event "Bastiais Master"]
[Site "Bastia"]
[Date "2003.??.??"]
[Round "?"]
[White "Geronimi, Pierre Francois"]
[Black "Casta, Jean Philippe"]
[Result "1-0"]
[WhiteElo "1500"]
[BlackElo "1550"]
[PlyCount "54"]
[EventDate "2003.??.??"]
[EventType "swiss"]
[EventRounds "7"]
[EventCountry "FRA"]
[SourceTitle "EXT 2007"]
[Source "ChessBase"]
[SourceDate "2006.11.23"]
[SourceVersion "1"]
[SourceVersionDate "2006.11.23"]
[SourceQuality "1"]

1. e4 e5 2. Nf3 Nc6 3. Nc3 Nf6 4. Bb5 Qe7 5. Bxc6 dxc6 6. 0-0 Bg4 7. h3 Bh5 8. d3 h6 9. Re1 g5 10. g4 Nxg4 11. hxg4 Bxg4 12. Re3 h5 13. Qf1 Qf6 14. Qg2 Bc5 15. Re1 Bxf3 16. Bxg5 Bxg2 17. Bxf6 Rg8 18. Bxe5 0-0-0 19. Kh2 h4 20. Bf6 Bd6+ 21. e5 Rde8 22. exd6 h3 23. Rxe8+ Rxe8 24. dxc7 Kxc7 25. f3 Re2 26. Nxe2 Bxf3 27. Kxh3 Bxe2 1-0